000 00630nam a2200229Ia 4500
003 OSt
005 20220926042850.0
006 a|||||r|||| 00| 0
007 ta
008 220923b |||||||| |||| 00| 0 eng d
037 _cGeneral Book
040 _aRTL
_cRTL
_beng
041 _2eng
_aeng
082 _aX:3M24, H9;1
100 _aMackenzie Norman
245 0 _aSocialism
_b A short history
260 _c1949
490 _aHutchinson's University Library Politics ed By G D H Cole,36
650 _aSocialism
_936676
942 _hX:3M24, H9;1
_cGB
_2CC
999 _c670745
_d670745